000
00202nam a22000857a 4500
008
170524b xxu||||| |||| 00| 0 eng d
100
_9
3109
_a
Pal.y.etal.
245
_a
Secondary Biology-X
260
_a
New Delhi
999
_c
6396
_d
6396